000 00875nmc a2200325 a 4500
003 AR-X00000XY
005 20251128211950.0
008 277020s1999 ||||||||||||||000 | spa||
020 _a0-582-40198-4
040 _cAR-X00000XY
100 1 _aDahl, Roald
245 1 0 _aMatilda
260 _aHarlow
_bPearson Education Limited
_c1999
300 0 _a40 p.
490 0 _aPenguin readers. Level 3
_vv. 4
500 0 _aNivel pre-intermedio [1.200 words]
650 4 _aENSENANZA DE IDIOMAS
650 4 _aINGLES
650 4 _aENSENANZA DE SEGUNDA LENGUA
650 4 _aACTIVIDADES DE APRENDIZAJE
650 4 _aLITERATURA INFANTIL
653 0 _aADAPTACIONES LITERARIAS
653 0 _aLITERATURA JUVENIL
655 _aLITERATURA
700 1 _aEscott, John
_eadaptador
800 1 _aHopkins, Andy
800 1 _aPotter, Jocelyn
942 _cBK
998 _cNancy
999 _c21831
_d21831